000 00769nam a22002417i 4500
003 URS
005 20251001091324.0
008 181206s1996 ph ||||| |||| 00| 0 eng d
020 _a9712320642
040 _beng
_erda
_cURS
050 1 4 _aK1401
_b.T7907 1996
100 1 _aTubid, Proceso T.
_eauthor
245 1 0 _aDactyloscopy :
_bscience of fingerprint classification and identification /
_cProceso T. Tubid.
264 1 _aManila :
_bRex Book Store,
_c[date of publication not idenfitied].
264 4 _c©1996.
300 _a288 pages :
_bcolour illustrations ;
_c22 cm
336 _atext
_btxt
_2rdacontent
336 _astill image
_bsti
_2rdacontent
337 _aunmediated
_bn
_2rdamedia
338 _avolume
_bnc
_2rdacarrier
650 _aScience
942 _cF
_2lcc
999 _c8298
_d8298